[Event "Villa Ballester op 73rd"]
[Site "Buenos Aires"]
[Date "2024.01.26"]
[Round "7"]
[White "Luvino, Gustavo"]
[Black "Depiante, Ivan Fernando"]
[Result "0-1"]
[WhiteElo "1425"]
[BlackElo "1346"]
[PlyCount "60"]
[EventDate "2024.01.19"]
[EventType "swiss"]
[EventRounds "9"]
[EventCountry "ARG"]
[SourceTitle "CB06_2024"]
[SourceDate "2024.02.07"]
[SourceVersion "1"]
[SourceVersionDate "2024.02.07"]
[SourceQuality "1"]

1. e4 c5 2. Nf3 d6 3. d4 cxd4 4. Nxd4 Nc6 5. Nc3 Nf6 6. f3 e5 7. Nb3 Be6 8. Nd5 Bd7 9. Be3 Nxd5 10. Qxd5 Be6 11. Qb5 Qc7 12. 0-0-0 Be7 13. Kb1 0-0 14. g4 Rfc8 15. Bd3 Bd8 16. Qa4 a6 17. c4 Bd7 18. c5 Nd4 19. Qc4 dxc5 20. Rc1 b6 21. Nxd4 exd4 22. Bd2 Bb5 23. Qb3 c4 24. Qd1 Qd7 25. Bf1 c3 26. bxc3 dxc3 27. Bxc3 Rxc3 28. Qxd7 Rxc1+ 29. Kxc1 Bxd7 30. Bc4 Rc8 0-1